<?xml version="1.0" encoding="UTF-8"?>
<marc:record xmlns:marc="http://www.loc.gov/MARC21/slim">
   <marc:leader>00000nam a2200000 a 4500</marc:leader>
   <marc:datafield ind1=" " ind2=" " tag="653">
      <marc:subfield code="a">Tastaturschreiben</marc:subfield>
   </marc:datafield>
   <marc:datafield ind1=" " ind2=" " tag="653">
      <marc:subfield code="a">Handschreiben</marc:subfield>
   </marc:datafield>
   <marc:datafield ind1=" " ind2=" " tag="653">
      <marc:subfield code="a">Diktieren</marc:subfield>
   </marc:datafield>
   <marc:datafield ind1="0" ind2="0" tag="245">
      <marc:subfield code="a">Praxis Deutsch 2026 / 315</marc:subfield>
   </marc:datafield>
   <marc:datafield ind1="0" ind2="0" tag="245">
      <marc:subfield code="b">Handschreiben Tastaturschreiben Diktieren</marc:subfield>
   </marc:datafield>
   <marc:datafield ind1="0" ind2="0" tag="245">
      <marc:subfield code="c">. </marc:subfield>
   </marc:datafield>
   <marc:datafield ind1=" " ind2="1" tag="264">
      <marc:subfield code="a">Seelze</marc:subfield>
      <marc:subfield code="b">Friedich</marc:subfield>
      <marc:subfield code="c">2026</marc:subfield>
   </marc:datafield>
   <marc:datafield ind1=" " ind2=" " tag="250">
      <marc:subfield code="a">2026 / 315</marc:subfield>
   </marc:datafield>
   <marc:datafield ind1="1" ind2=" " tag="520">
      <marc:subfield code="a">&lt;br/&gt;Egal ob mit Füller, Tastatur oder Mikrofon – die Möglichkeiten der Textproduktion sind heute vielfältiger denn je. Auch Ihre Schüler:innen müssen lernen, mit dieser Vielfalt umzugehen. In dieser Ausgabe beleuchten wir deshalb historische, (lern-)theoretische und praktische Aspekte des Hand- und Tastaturschreibens sowie des Diktierens.&lt;br/&gt;Wir zeigen, dass Kenntnisse über den Schrifterwerb der Schüler:innen entscheidend sind, um Lernwege in der Sekundarstufe gezielt zu gestalten und Schreibkompetenz weiter auszubauen. Zudem bietet die Ausgabe Unterrichtsideen zum intelligenten Tastaturschreiben, zur Nutzung der Diktierfunktion, zur Förderung des Schreibrhythmus und zur gezielten Verbesserung der Handschrift. Lassen Sie sich inspirieren und entdecken Sie das Schreiben in seiner ganzen Vielfalt!&lt;br/&gt;</marc:subfield>
   </marc:datafield>
   <marc:datafield ind1=" " ind2=" " tag="041">
      <marc:subfield code="a">ger</marc:subfield>
   </marc:datafield>
   <marc:datafield ind1="1" ind2=" " tag="521">
      <marc:subfield code="a">0</marc:subfield>
   </marc:datafield>
</marc:record>
